000
00295nam a2200109Ia 4500
008
200302s9999 xx 000 0 und d
100
_a
Arthur J Willis & Other
245
_a
Elements of Quantity Surveying Student edition 7th ed.
260
_b
Granada Publishing
260
_c
1978
300
_a
254 P.,
999
_c
184
_d
184